Me puedes dar una galleta, por favor?= (Record no. 20822)

MARC details
000 -LEADER
fixed length control field 02552cam a2200529Ii 4500
001 - CONTROL NUMBER
control field sjds845447
003 - CONTROL NUMBER IDENTIFIER
control field sjds
005 - DATE AND TIME OF LATEST TRANSACTION
control field 20180603183937.0
008 - FIXED-LENGTH DATA ELEMENTS--GENERAL INFORMATION
fixed length control field 150619s2016 nyua a 000 0 spa d
020 ## - INTERNATIONAL STANDARD BOOK NUMBER
International Standard Book Number 9780545903530
Qualifying information (board book)
020 ## - INTERNATIONAL STANDARD BOOK NUMBER
International Standard Book Number 054590353X
Qualifying information (board book)
035 ## - SYSTEM CONTROL NUMBER
System control number 755080
035 ## - SYSTEM CONTROL NUMBER
System control number (OCoLC)924559126
035 ## - SYSTEM CONTROL NUMBER
System control number 751489
035 ## - SYSTEM CONTROL NUMBER
System control number 755080
035 ## - SYSTEM CONTROL NUMBER
System control number 755080
040 ## - CATALOGING SOURCE
Original cataloging agency FAYTV
Language of cataloging eng
Description conventions rda
Transcribing agency FAYTV
Modifying agency OI6
-- OCLCF
-- IFA
049 ## - LOCAL HOLDINGS (OCLC)
Holding library IFAA
099 ## - LOCAL FREE-TEXT CALL NUMBER (OCLC)
Filing suffix 2016
999 ## - SYSTEM CONTROL NUMBERS (KOHA)
Koha Dewey Subclass [OBSOLETE] ESPANOL BOARD BOOKS MORRIS 2016
100 1# - MAIN ENTRY--PERSONAL NAME
Personal name Morris, J. E.
Fuller form of name (Jennifer E.),
Relator term author,
-- illustrator.
245 10 - TITLE STATEMENT
Title Me puedes dar una galleta, por favor?=
Remainder of title May I please have a cookie? /
Statement of responsibility, etc. by/por Jennifer E. Morris ; [translated by J.P. Lombana].
246 31 - VARYING FORM OF TITLE
Title proper/short title May I please have a cookie?
260 ## - PUBLICATION, DISTRIBUTION, ETC. (IMPRINT)
Place of publication, distribution, etc. New York, NY :
Name of publisher, distributor, etc. Scholastic, Inc.,
Date of publication, distribution, etc. c2016.
264 #1 - PRODUCTION, PUBLICATION, DISTRIBUTION, MANUFACTURE, AND COPYRIGHT NOTICE
Place of production, publication, distribution, manufacture New York, NY :
Name of producer, publisher, distributor, manufacturer Scholastic, Inc.,
Date of production, publication, distribution, manufacture, or copyright notice c2016.
300 ## - PHYSICAL DESCRIPTION
Extent 1 volume (unpaged) :
Other physical details color illustrations ;
Dimensions 16 cm
336 ## - CONTENT TYPE
Content type term text
Content type code txt
Source rdacontent
336 ## - CONTENT TYPE
Content type term still image
Content type code sti
Source rdacontent
337 ## - MEDIA TYPE
Media type term unmediated
Media type code n
Source rdamedia
338 ## - CARRIER TYPE
Carrier type term volume
Carrier type code nc
Source rdacarrier
500 ## - GENERAL NOTE
General note Cover title.
500 ## - GENERAL NOTE
General note On board pages.
500 ## - GENERAL NOTE
General note "A bilingual book - Un libro bilingüe"--Cover.
520 ## - SUMMARY, ETC.
Summary, etc. Alfie loves his mommy's cookies, and he wants one more than anything! But grabbing for one, fishing for one, and dressing up as a cookie inspector don't seem to work. His mommy says there is a better way. What is it? The littlest of readers will learn proper manners with Alfie as his mommy teaches him to say the magic words.
520 ## - SUMMARY, ETC.
Summary, etc. A Alfie le encantan las galletas que hornea su mamá, �y desea comer una más que ninguna otra cosa! Pero tomar una galleta sin permiso o tratar de obtenerla disfrazándose de inspector de galletas no va a funcionar. Su mamá dice que hay un mejor manera de pedir una galleta. �Cuál será? Los más pequeñitos aprenderán a pedir educadamente junto a Alfie.
526 0# - STUDY PROGRAM INFORMATION NOTE
Program name Accelerated Reader AR
Interest level LG
Reading level 1.1
Title point value 0.5
Public note 155355.
546 ## - LANGUAGE NOTE
Language note Text in Spanish and English.
650 #0 - SUBJECT ADDED ENTRY--TOPICAL TERM
Topical term or geographic name as entry element Etiquette
Form subdivision Juvenile fiction.
650 #0 - SUBJECT ADDED ENTRY--TOPICAL TERM
Topical term or geographic name as entry element Alligators
Form subdivision Juvenile fiction.
650 #0 - SUBJECT ADDED ENTRY--TOPICAL TERM
Topical term or geographic name as entry element Cookies
Form subdivision Juvenile fiction.
650 #0 - SUBJECT ADDED ENTRY--TOPICAL TERM
Topical term or geographic name as entry element Spanish language materials
General subdivision Bilingual
Form subdivision Juvenile literature.
650 #7 - SUBJECT ADDED ENTRY--TOPICAL TERM
Topical term or geographic name as entry element Etiqueta
Form subdivision Novela juvenil.
Source of heading or term bidex
650 #7 - SUBJECT ADDED ENTRY--TOPICAL TERM
Topical term or geographic name as entry element Caimanes
Form subdivision Novela juvenil.
Source of heading or term bidex
650 #7 - SUBJECT ADDED ENTRY--TOPICAL TERM
Topical term or geographic name as entry element Galletas
Form subdivision Novela juvenil.
Source of heading or term bidex
650 #7 - SUBJECT ADDED ENTRY--TOPICAL TERM
Topical term or geographic name as entry element Materiales bilingües en español
Form subdivision Literatura juvenil.
Source of heading or term bidex
942 ## - ADDED ENTRY ELEMENTS (KOHA)
Koha item type Libro/Book

No items available.

Powered by Koha